000 00606nam a2200229 i 4500
001 bg
100 1 _aKOROL, Julitta
245 1 0 _aExcel 5 :
_bnastępne kroki /
_cJulitta Korol.
260 _aWarszawa :
_b"Mikom",
_c1994.
300 _a249 s. :
_brys., wykr. ;
_c24 cm.
500 _aStanowi cz. 2, cz. 1 pt. : Excel 5 : krok po kroku.
630 0 9 _aExcel
630 0 9 _aWINDOWS
655 _aPodręczniki
020 _a8385625534
040 _cBPK
041 0 _apol
080 _a657+651:681.322.06](07)
920 _a83-85625-53-4
942 _cKS
008 s pl f |000 0 pol
999 _c24443
_d24443
856 _uhttp://koha.tu.koszalin.pl/cgi-bin/koha/opac-detail.pl?biblionumber=24443
_yKatalog online BPK